Introduction to analytic geometry and linear algebra /

Guardado en:
Autor Principal: Jaeger, Arno.
Formato: Libro
Idioma:English
Publicado: New York : Holt, Rinehart and Winston, c1960.
Etiquetas: Agregar Etiqueta
Sin Etiquetas, Sea el primero en etiquetar este registro!
LEADER 00471nam a22001455a 4500
001 MAT.inmabb001174
008 031120s1960####nyu###########000#0#eng#d
005 20170811151906.0
245 1 0 |a Introduction to analytic geometry and linear algebra /  |c Arno Jaeger. 
260 |a New York :  |b Holt, Rinehart and Winston,  |c c1960. 
300 |a xii, 305 p. ;  |c 24 cm. 
510 4 |a MR,  |c 22 #8394 
100 1 |a Jaeger, Arno. 
084 |a 51-XX  |a 15-XX  |2 msc2000 
859 |h 51  |i J22  |p A-1188  |b BIB. MATEMATICA